000 00476nam a2200121Ia 4500
008 220615s9999||||xx |||||||||||||| ||und||
100 _aMaged Marghany
245 0 _aApplied Studies of Coastal and Marine Environments
546 _aEnglish[eng]
650 _aEngineering||Physical Sciences||Engineering and Technology||Marine Engineering||Environmental Engineering
856 _uhttps://www.intechopen.com/books/applied-studies-of-coastal-and-marine-environments
942 _cEB
999 _c10804
_d10804